[Event "XXIX Miedzynarodowy Festiwal Szachowy CRACOVIA-2018 Grupa B"]
[Site "Krakow, Hotel Galaxy, ul. Gesia 22a"]
[Date "2018.12.29"]
[Round "3.30"]
[White "Niedbala, Bartlomiej"]
[Black "Butyrowski, Marcel"]
[Result "1/2-1/2"]
[WhiteElo "1973"]
[BlackElo "1802"]
[PlyCount "95"]
[EventDate "2018.??.??"]

1. d4 Nf6 2. Bf4 e6 3. e3 b6 4. Nd2 Bb7 5. Ngf3 Be7 6. c3 d6 7. h3 Nbd7 8. Be2
O-O 9. O-O a6 10. a4 Qb8 11. Bh2 c5 12. Nc4 Ne8 13. Qd2 Bd5 14. Rfd1 Qb7 15.
Ne1 Bxc4 16. Bxc4 d5 17. Bd3 Bd6 18. Qe2 Bxh2+ 19. Kxh2 Nd6 20. f3 Nf6 21. g4
Qc7 22. Kg2 c4 23. Bc2 b5 24. Bb1 bxa4 25. Rxa4 Rfb8 26. Ra2 Rb6 27. Rd2 Nb5
28. Bc2 a5 29. e4 Rba6 30. e5 Nd7 31. Ba4 Rb8 32. f4 Qc8 33. Nc2 Nf8 34. Ne3
Ng6 35. Kg3 Qd8 36. g5 Rab6 37. h4 Ne7 38. Bc2 R6b7 39. h5 Na7 40. Qf3 Nac6 41.
Rh2 Qf8 42. f5 exf5 43. Nxd5 Nxd5 44. Qxd5 Ne7 45. Qxc4 Qd8 46. Qf1 Rxb2 47.
Rxb2 Rxb2 48. Bxf5 1/2-1/2

[Event "XXIX Miedzynarodowy Festiwal Szachowy CRACOVIA-2018 Grupa B"]
[Site "Krakow, Hotel Galaxy, ul. Gesia 22a"]
[Date "2018.12.29"]
[Round "3.31"]
[White "Slabek, Grzegorz"]
[Black "Dryja, Szymon"]
[Result "1-0"]
[WhiteElo "1967"]
[BlackElo "1795"]
[PlyCount "69"]
[EventDate "2018.??.??"]

1. Nf3 Nf6 2. d4 d5 3. c4 e6 4. Nc3 c6 5. Qb3 Be7 6. Bf4 O-O 7. e3 Nbd7 8. cxd5
exd5 9. Bd3 b6 10. Ne5 Bb7 11. O-O h6 12. Bf5 Nxe5 13. Bxe5 Bd6 14. Bxd6 Qxd6
15. Rac1 g6 16. Bd3 Ng4 17. g3 h5 18. e4 h4 19. e5 Qe6 20. f4 Nh6 21. Qc2 Qg4
22. Qg2 Bc8 23. Ne2 Bd7 24. gxh4 Qxh4 25. f5 g5 26. Rf4 g4 27. h3 Qxh3 28. Qxh3
gxh3 29. Kh2 f6 30. e6 Be8 31. Rh4 Kh7 32. Rg1 c5 33. Rgg4 Rh8 34. Nf4 Rd8 35.
Ng6 1-0

[Event "XXIX Miedzynarodowy Festiwal Szachowy CRACOVIA-2018 Grupa B"]
[Site "Krakow, Hotel Galaxy, ul. Gesia 22a"]
[Date "2018.12.29"]
[Round "3.32"]
[White "Planeta, Wojciech"]
[Black "Konyves, Almos"]
[Result "1/2-1/2"]
[WhiteElo "1812"]
[BlackElo "1963"]
[PlyCount "89"]
[EventDate "2018.??.??"]

1. e4 c5 2. Nf3 Nc6 3. d4 cxd4 4. Nxd4 Nf6 5. Nc3 d6 6. f3 e5 7. Nde2 Be6 8.
Be3 d5 9. exd5 Nxd5 10. Nxd5 Qxd5 11. Qxd5 Bxd5 12. Nc3 Be6 13. O-O-O a6 14.
Bb6 Be7 15. Nd5 O-O 16. Nc7 Bg5+ 17. Kb1 Rad8 18. Bd3 Bc8 19. Na8 Rd7 20. Bc5
Be7 21. Bxe7 Nxe7 22. Nb6 Rc7 23. Rhe1 f6 24. Bc4+ Kh8 25. Nxc8 Rfxc8 26. Be6
Re8 27. Rd6 Ng6 28. g3 Nf8 29. Bb3 f5 30. c3 Rce7 31. Bc2 g6 32. Ba4 Rc8 33.
Rd5 b5 34. Bc2 Rce8 35. Kc1 Kg7 36. a4 e4 37. fxe4 fxe4 38. axb5 axb5 39. Re3
Nd7 40. Rxb5 Nf6 41. h3 Rf8 42. Kd1 Rd8+ 43. Kc1 Red7 44. Re2 Re7 45. Re3
1/2-1/2

[Event "XXIX Miedzynarodowy Festiwal Szachowy CRACOVIA-2018 Grupa B"]
[Site "Krakow, Hotel Galaxy, ul. Gesia 22a"]
[Date "2018.12.29"]
[Round "3.33"]
[White "Kostecka, Marika"]
[Black "Lada, Ireneusz"]
[Result "0-1"]
[WhiteElo "1808"]
[BlackElo "1944"]
[PlyCount "94"]
[EventDate "2018.??.??"]

1. e4 c6 2. d4 d6 3. Nc3 b5 4. a3 a6 5. f4 g6 6. Nf3 Bg7 7. Be3 Nd7 8. Be2 Qc7
9. O-O Bb7 10. Qd2 Nb6 11. b3 e6 12. f5 exf5 13. exf5 Nf6 14. Bh6 O-O 15. Bxg7
Kxg7 16. Ng5 Rae8 17. Bf3 Bc8 18. Nge4 Nxe4 19. Bxe4 f6 20. Qf4 c5 21. Bd3 cxd4
22. Qxd4 Qc5 23. Ne2 Bxf5 24. Bxf5 Rxe2 25. Qxc5 dxc5 26. Bd3 Re5 27. a4 bxa4
28. Bxa6 axb3 29. cxb3 Rd8 30. Bb5 Nd5 31. Ra7+ Re7 32. Rxe7+ Nxe7 33. Rc1 Rd5
34. Kf2 Nf5 35. Bc6 Re5 36. Bb5 Nd4 37. Bc4 h5 38. Rd1 Nf5 39. Rd7+ Re7 40. Rd5
Re5 41. Kf3 Rxd5 42. Bxd5 g5 43. Ke4 Nd6+ 44. Kd3 f5 45. Kc3 Kf6 46. Kd3 Ke5
47. Ba8 h4 0-1

[Event "XXIX Miedzynarodowy Festiwal Szachowy CRACOVIA-2018 Grupa B"]
[Site "Krakow, Hotel Galaxy, ul. Gesia 22a"]
[Date "2018.12.29"]
[Round "3.34"]
[White "Lobunets, Vladimir"]
[Black "Grishchenko, Mihail"]
[Result "0-1"]
[WhiteElo "1801"]
[BlackElo "1936"]
[PlyCount "72"]
[EventDate "2018.??.??"]

1. d4 d5 2. Bf4 Nf6 3. Nf3 e6 4. e3 Bd6 5. Bg3 Ne4 6. Be5 f6 7. Bxd6 Qxd6 8.
Nbd2 Nc6 9. Bd3 f5 10. c4 Bd7 11. a3 a5 12. O-O b6 13. Rc1 O-O 14. cxd5 exd5
15. Qc2 Ra7 16. Bb5 Nxd2 17. Qxd2 Ne7 18. Bd3 c5 19. dxc5 bxc5 20. Rfd1 Ba4 21.
Re1 Qb6 22. Qc3 Rc7 23. e4 fxe4 24. Bxe4 dxe4 25. Qc4+ Kh8 26. Ng5 Bb3 27. Qxe4
Bg8 28. b4 cxb4 29. Qh4 Ng6 30. Qg3 Rxc1 31. Rxc1 bxa3 32. h4 Qb2 33. Qe3 a2
34. Qe1 Rxf2 35. Rc8 a1=Q 36. Nf7+ Rxf7 0-1

[Event "XXIX Miedzynarodowy Festiwal Szachowy CRACOVIA-2018 Grupa B"]
[Site "Krakow, Hotel Galaxy, ul. Gesia 22a"]
[Date "2018.12.29"]
[Round "3.35"]
[White "Jeda, Maciej"]
[Black "Duda, Lucas"]
[Result "1/2-1/2"]
[WhiteElo "1917"]
[BlackElo "1784"]
[PlyCount "77"]
[EventDate "2018.??.??"]

1. e4 e5 2. Nf3 Nc6 3. Bc4 Bc5 4. c3 Nf6 5. d4 exd4 6. cxd4 Bb4+ 7. Nc3 Nxe4 8.
O-O Bxc3 9. d5 Ne5 10. bxc3 Nxc4 11. Qd4 O-O 12. Qxe4 Nd6 13. Qd3 Qf6 14. Re1
h6 15. Ba3 b6 16. Nd2 Bb7 17. Ne4 Nxe4 18. Rxe4 Rfe8 19. f3 Re5 20. Rae1 Rae8
21. c4 Rxe4 22. fxe4 c6 23. Bc1 cxd5 24. cxd5 Qe5 25. Bd2 Rc8 26. a4 f5 27.
exf5 Qxd5 28. Qxd5+ Bxd5 29. Re5 Bc6 30. a5 Kf7 31. g4 Re8 32. Rxe8 Kxe8 33.
axb6 axb6 34. Bc3 Kf7 35. Kf2 h5 36. g5 Be4 37. f6 gxf6 38. gxf6 Bc6 39. Ke3
1/2-1/2

[Event "XXIX Miedzynarodowy Festiwal Szachowy CRACOVIA-2018 Grupa B"]
[Site "Krakow, Hotel Galaxy, ul. Gesia 22a"]
[Date "2018.12.29"]
[Round "3.36"]
[White "Seregina, Maria"]
[Black "Bugaev, Anton"]
[Result "1/2-1/2"]
[WhiteElo "1907"]
[BlackElo "1722"]
[PlyCount "76"]
[EventDate "2018.??.??"]

1. d4 Nf6 2. c4 e6 3. Nf3 b6 4. g3 Bb7 5. Bg2 Be7 6. O-O O-O 7. Nc3 Ne4 8. Qc2
f5 9. Ne5 d5 10. f3 Nxc3 11. bxc3 Nd7 12. Bf4 g5 13. Nxd7 Qxd7 14. Be5 Bf6 15.
f4 Bxe5 16. fxe5 c5 17. cxd5 Bxd5 18. e4 Bxe4 19. Bxe4 fxe4 20. Qxe4 Rxf1+ 21.
Rxf1 Rf8 22. Rd1 cxd4 23. cxd4 Qf7 24. Qe2 Qf3 25. Qd2 h6 26. d5 Qxd5 27. Qxd5
exd5 28. Rxd5 Rc8 29. a4 Rc1+ 30. Kg2 g4 31. Kf2 Rc2+ 32. Ke3 Rxh2 33. Kf4 Rf2+
34. Kxg4 Kf7 35. a5 Ke6 36. Rb5 bxa5 37. Rxa5 Re2 38. Rxa7 Rxe5 1/2-1/2

[Event "XXIX Miedzynarodowy Festiwal Szachowy CRACOVIA-2018 Grupa B"]
[Site "Krakow, Hotel Galaxy, ul. Gesia 22a"]
[Date "2018.12.29"]
[Round "3.37"]
[White "Leczek, Weronika"]
[Black "Kawula, Andrzej"]
[Result "1/2-1/2"]
[WhiteElo "1771"]
[BlackElo "1902"]
[PlyCount "55"]
[EventDate "2018.??.??"]

1. e4 e6 2. d4 d5 3. Nc3 Bb4 4. Qd3 dxe4 5. Qxe4 Nf6 6. Qh4 Nc6 7. Nf3 Nd5 8.
Qxd8+ Nxd8 9. Bd2 Nxc3 10. bxc3 Be7 11. Bb5+ c6 12. Bd3 O-O 13. O-O b6 14. a4
c5 15. a5 Bb7 16. Ne5 Bf6 17. Nd7 Re8 18. axb6 axb6 19. Nxf6+ gxf6 20. Rab1 Rc8
21. Rxb6 c4 22. Be2 Bd5 23. f4 Nc6 24. Bf3 Ne7 25. f5 Bxf3 26. Rxf3 Nxf5 27. g4
Ne7 28. Rb7 1/2-1/2

[Event "XXIX Miedzynarodowy Festiwal Szachowy CRACOVIA-2018 Grupa B"]
[Site "Krakow, Hotel Galaxy, ul. Gesia 22a"]
[Date "2018.12.29"]
[Round "3.38"]
[White "Szalko, Maciej"]
[Black "Libura, Julianna"]
[Result "1/2-1/2"]
[WhiteElo "1889"]
[BlackElo "1587"]
[PlyCount "48"]
[EventDate "2018.??.??"]

1. d4 d5 2. c4 e6 3. Nf3 Nf6 4. g3 Be7 5. Bg2 O-O 6. Qc2 Nbd7 7. O-O c6 8. Rd1
b6 9. b3 Bb7 10. Bb2 Rc8 11. Nc3 c5 12. e4 cxd4 13. Rxd4 e5 14. Rdd1 d4 15. Nd5
Nxd5 16. exd5 Bxd5 17. Nxe5 Bxg2 18. Nxd7 Qxd7 19. Kxg2 Bf6 20. Qd3 Rfd8 21.
Rd2 Rc6 22. Rad1 Rd6 23. Re2 Re6 24. Red2 Rd6 1/2-1/2

[Event "XXIX Miedzynarodowy Festiwal Szachowy CRACOVIA-2018 Grupa B"]
[Site "Krakow, Hotel Galaxy, ul. Gesia 22a"]
[Date "2018.12.29"]
[Round "3.39"]
[White "Dziewonski, Dariusz"]
[Black "Hasterok, Mateusz"]
[Result "0-1"]
[WhiteElo "1757"]
[BlackElo "1884"]
[PlyCount "116"]
[EventDate "2018.??.??"]

1. e4 c5 2. Nf3 Nc6 3. d4 cxd4 4. Nxd4 Qb6 5. Nb3 Nf6 6. Nc3 e6 7. Be3 Qc7 8.
Bd3 a6 9. O-O Be7 10. h3 O-O 11. Qd2 d6 12. Rfe1 b5 13. a4 b4 14. Na2 d5 15.
exd5 Nxd5 16. Bg5 a5 17. Bxe7 Ncxe7 18. Rad1 Bb7 19. c3 Rfd8 20. Qc2 g6 21. Be4
bxc3 22. Nxc3 Nb4 23. Qe2 Ned5 24. Qf3 Nxc3 25. Rxd8+ Rxd8 26. Qxc3 Qxc3 27.
bxc3 Nc6 28. Nd4 Nxd4 29. Bxb7 Nb3 30. Ba6 Nc5 31. Bb5 Rd2 32. Re5 Rd5 33. Rxd5
exd5 34. Kf1 Ne4 35. Ke2 Kf8 36. Kd3 Ke7 37. f3 Nc5+ 38. Kd4 Kd6 39. c4 Ne6+
40. Kc3 d4+ 41. Kd3 Kc5 42. g3 Ng5 43. f4 Nxh3 44. Ke2 Ng1+ 45. Kf2 d3 46. Ke3
Ne2 47. g4 Nxf4 48. Bd7 g5 49. Bb5 Kb4 50. Kd2 f6 51. Ba6 Ne6 52. Bc8 Nc5 53.
Bf5 Kxc4 54. Bxh7 Nb3+ 55. Ke3 Nc5 56. Kd2 Kd4 57. Bg6 Ne4+ 58. Kd1 Ke3 0-1

[Event "XXIX Miedzynarodowy Festiwal Szachowy CRACOVIA-2018 Grupa B"]
[Site "Krakow, Hotel Galaxy, ul. Gesia 22a"]
[Date "2018.12.29"]
[Round "3.40"]
[White "Kepowicz, Artur"]
[Black "Alhejab, Meshal"]
[Result "1-0"]
[WhiteElo "1869"]
[BlackElo "1497"]
[PlyCount "125"]
[EventDate "2018.??.??"]

1. d4 Nf6 2. Nf3 d5 3. c4 e6 4. Nc3 b6 5. Bg5 Be7 6. cxd5 Nxd5 7. Bxe7 Qxe7 8.
e3 O-O 9. Be2 Nxc3 10. bxc3 Bb7 11. O-O Nd7 12. Nd2 e5 13. Bf3 e4 14. Be2 Kh8
15. Kh1 Nf6 16. c4 Rfe8 17. a4 a5 18. Rc1 Nd7 19. Qc2 Ba6 20. f3 exf3 21. Bxf3
Rab8 22. Bc6 Bb7 23. Bxb7 Rxb7 24. Rf3 Nf6 25. Rcf1 c5 26. d5 Kg8 27. Rh3 h6
28. Rg3 Ne4 29. Nxe4 Qxe4 30. Qb2 Qe5 31. Qb5 Qe7 32. Qc6 Kh8 33. Rgf3 f6 34.
Rb1 Reb8 35. Rff1 Qc7 36. Qxc7 Rxc7 37. Rb3 Rd7 38. Rfb1 Rd6 39. Kg1 Kh7 40.
Rb5 f5 41. Kf2 Kg6 42. Rxc5 Kf6 43. Rc7 g6 44. Ke2 Ke5 45. Kd3 g5 46. Rf1 Rf6
47. g3 Rh8 48. Rb1 Rb8 49. Rb5 Rd6 50. Rf7 Rg6 51. Rb1 Rf6 52. Rxf6 Kxf6 53.
Kd4 Ke7 54. Ke5 Kd7 55. Kxf5 Kd6 56. e4 Kc5 57. Rb5+ Kxc4 58. d6 Rf8+ 59. Kg6
Rd8 60. e5 Re8 61. d7 Rd8 62. e6 h5 63. e7 1-0

[Event "XXIX Miedzynarodowy Festiwal Szachowy CRACOVIA-2018 Grupa B"]
[Site "Krakow, Hotel Galaxy, ul. Gesia 22a"]
[Date "2018.12.29"]
[Round "3.42"]
[White "Widla, Piotr"]
[Black "Borowski, Przemyslaw"]
[Result "1-0"]
[WhiteElo "2024"]
[BlackElo "1817"]
[PlyCount "57"]
[EventDate "2018.??.??"]

1. e4 c6 2. d4 d5 3. f3 Nf6 4. Nc3 dxe4 5. fxe4 e5 6. Nf3 Bb4 7. Bg5 Qa5 8. Qd3
exd4 9. Qxd4 Bxc3+ 10. bxc3 Nbd7 11. Bc4 b5 12. Bxf6 gxf6 13. Be2 Bb7 14. O-O
O-O-O 15. a4 c5 16. Qe3 bxa4 17. Rfb1 a6 18. Nd2 Rhe8 19. Bg4 Kb8 20. Nb3 Qc7
21. Rxa4 Nb6 22. Nxc5 Ka7 23. Rab4 Rd6 24. Na4 Rxe4 25. Rxe4 Bxe4 26. Qxe4 Nxa4
27. Qxa4 Qxc3 28. Bf3 Rb6 29. Qd7+ 1-0

[Event "XXIX Miedzynarodowy Festiwal Szachowy CRACOVIA-2018 Grupa B"]
[Site "Krakow, Hotel Galaxy, ul. Gesia 22a"]
[Date "2018.12.29"]
[Round "3.43"]
[White "Kalosha, Zhiulien Oleksii"]
[Black "Alothman, Abdul Wahab"]
[Result "0-1"]
[WhiteElo "1795"]
[BlackElo "1965"]
[PlyCount "92"]
[EventDate "2018.??.??"]

1. e4 e6 2. d4 d5 3. e5 c5 4. c3 Nc6 5. Nf3 Qb6 6. a3 c4 7. Nbd2 Na5 8. g3 Bd7
9. Bh3 Be7 10. O-O O-O-O 11. Ne1 f6 12. f4 fxe5 13. fxe5 Nh6 14. Ndf3 Nb3 15.
Rb1 Nf7 16. Kh1 Rdf8 17. Nc2 Nd8 18. Qe2 Be8 19. Bg5 Bxg5 20. Nxg5 Bg6 21. Rbe1
Rxf1+ 22. Bxf1 Rf8 23. Bh3 h6 24. Nxe6 Nxe6 25. Rf1 Rxf1+ 26. Qxf1 Kd8 27. Ne3
Nd2 28. Qe2 Ng5 29. Bg2 Qxb2 30. Bxd5 Qb1+ 31. Nd1 Be4+ 32. Bxe4 Qxe4+ 33. Qxe4
Ngxe4 34. Kg2 b5 35. Kh3 Nb1 36. Kg4 Nexc3 37. Ne3 g6 38. Nc2 Nd5 39. h4 a5 40.
h5 gxh5+ 41. Kf5 b4 42. Ke6 b3 43. Ne1 Nc7+ 44. Kf7 c3 45. a4 c2 46. Nd3 b2 0-1

[Event "XXIX Miedzynarodowy Festiwal Szachowy CRACOVIA-2018 Grupa B"]
[Site "Krakow, Hotel Galaxy, ul. Gesia 22a"]
[Date "2018.12.29"]
[Round "3.44"]
[White "Serra Azul Neto, Francisco"]
[Black "Vasilenko, Ekaterina"]
[Result "1-0"]
[WhiteElo "1915"]
[BlackElo "1791"]
[PlyCount "71"]
[EventDate "2018.??.??"]

1. d4 f5 2. Bg5 g6 3. Nc3 d5 4. Nf3 Bg7 5. g3 Nf6 6. Bg2 Nbd7 7. O-O O-O 8.
Bxf6 Nxf6 9. e3 e6 10. Ne2 h6 11. h4 Nh5 12. c4 c6 13. Nc3 Nf6 14. Rc1 Qe8 15.
b4 a5 16. b5 Nd7 17. Qb3 dxc4 18. Qxc4 Nb6 19. Qc5 Nd5 20. Nxd5 cxd5 21. a4 Bf6
22. Qc3 g5 23. hxg5 hxg5 24. Ne5 Qh5 25. f3 Bxe5 26. dxe5 f4 27. g4 Qh4 28. Qe1
fxe3 29. Qxe3 Rf4 30. Rc7 Rxa4 31. Rfc1 Rc4 32. R1xc4 dxc4 33. Qe4 Qh6 34. Qxc4
Qf8 35. Qc2 a4 36. Qh7# 1-0

[Event "XXIX Miedzynarodowy Festiwal Szachowy CRACOVIA-2018 Grupa B"]
[Site "Krakow, Hotel Galaxy, ul. Gesia 22a"]
[Date "2018.12.29"]
[Round "3.45"]
[White "Jedynak, January"]
[Black "Wilk, Tomasz"]
[Result "1-0"]
[WhiteElo "1759"]
[BlackElo "1911"]
[PlyCount "43"]
[EventDate "2018.??.??"]

1. e4 c5 2. Nf3 Nc6 3. Bb5 g6 4. O-O Bg7 5. c3 Nf6 6. e5 Nd5 7. d4 cxd4 8. cxd4
O-O 9. Nc3 Nxc3 10. bxc3 d6 11. Re1 a6 12. Bxc6 bxc6 13. Qa4 dxe5 14. Nxe5 Be6
15. Ba3 Qc7 16. Nxc6 Rfe8 17. d5 Bd7 18. Rxe7 Bxc6 19. Qxc6 Qxc6 20. dxc6 Rxe7
21. Bxe7 Rc8 22. Rd1 1-0

[Event "XXIX Miedzynarodowy Festiwal Szachowy CRACOVIA-2018 Grupa B"]
[Site "Krakow, Hotel Galaxy, ul. Gesia 22a"]
[Date "2018.12.29"]
[Round "3.46"]
[White "Furtak, Joanna"]
[Black "Zaboklicki, Zbigniew"]
[Result "0-1"]
[WhiteElo "1888"]
[BlackElo "1742"]
[PlyCount "174"]
[EventDate "2018.??.??"]

1. e4 c5 2. Nf3 e6 3. d4 cxd4 4. Nxd4 Nc6 5. Nc3 a6 6. Be3 Nge7 7. Be2 Nxd4 8.
Bxd4 Nc6 9. Be3 b5 10. a3 Bb7 11. O-O Rc8 12. Re1 Be7 13. Qd2 O-O 14. Rad1 d6
15. Bf4 Qb6 16. Bxd6 Rfd8 17. Qf4 Bxd6 18. Rxd6 Rxd6 19. Qxd6 Rd8 20. Qf4 Nd4
21. Bd3 Qc6 22. Qh4 Re8 23. Qh3 e5 24. Nd5 Qd6 25. Ne3 Bc8 26. Qg3 Qg6 27. Qxg6
hxg6 28. c3 Ne6 29. Rd1 Bb7 30. f3 Rd8 31. Kf2 Kf8 32. g3 g5 33. Ng4 f6 34. Ke3
Ke7 35. Nf2 Rh8 36. Ng4 Bc8 37. Rh1 Nc5 38. Nf2 Na4 39. Nd1 Be6 40. Bc2 Nb6 41.
h4 gxh4 42. Rxh4 Nc4+ 43. Ke2 Rd8 44. Bd3 Nb6 45. Rh7 Kf7 46. Rh2 Bb3 47. Rh1
Nc4 48. Bb1 Bxd1+ 49. Rxd1 Rxd1 50. Kxd1 Nxb2+ 51. Kc1 Na4 52. Ba2+ Ke7 53. Kc2
Kd6 54. c4 Kc5 55. cxb5 axb5 56. Kd3 Nb2+ 57. Kc3 Nd1+ 58. Kc2 Ne3+ 59. Kd3 Nd1
60. Kc2 Ne3+ 61. Kd3 Nd1 62. Kc2 Nf2 63. Kc3 Nh1 64. g4 Nf2 65. Bb3 Nh3 66. Bd1
Nf4 67. Bc2 Ne2+ 68. Kd3 Nd4 69. Bd1 Nc6 70. Bb3 Nd4 71. Bd1 b4 72. axb4+ Kxb4
73. f4 Nc6 74. fxe5 fxe5 75. g5 Nd4 76. Bg4 Kc5 77. Kc3 Nc6 78. Bh5 Nd8 79. Bg4
Nf7 80. g6 Nd6 81. Bf5 Ne8 82. Kd3 Kd6 83. Kc4 Nf6 84. Kd3 Nh5 85. Ke3 Ke7 86.
Kd3 Kf6 87. Ke3 Nf4 0-1

[Event "XXIX Miedzynarodowy Festiwal Szachowy CRACOVIA-2018 Grupa B"]
[Site "Krakow, Hotel Galaxy, ul. Gesia 22a"]
[Date "2018.12.29"]
[Round "3.47"]
[White "Koziorowicz, Michal"]
[Black "Rogala, Milosz"]
[Result "1/2-1/2"]
[WhiteElo "1872"]
[BlackElo "1738"]
[PlyCount "77"]
[EventDate "2018.??.??"]

1. e4 c6 2. d4 d5 3. Nc3 dxe4 4. Nxe4 Nd7 5. Nf3 Ngf6 6. Ng3 e6 7. Bc4 Be7 8.
O-O O-O 9. Qe2 b6 10. Bf4 Bb7 11. Ne5 Nd5 12. Bxd5 cxd5 13. Rfe1 Nxe5 14. Bxe5
g6 15. c3 Bf6 16. Qg4 Kh8 17. Re3 Bxe5 18. dxe5 f5 19. exf6 Qxf6 20. Qd4 Rae8
21. Rae1 Kg8 22. Qxf6 Rxf6 23. Ne2 e5 24. f4 e4 25. g3 Rc8 26. Nd4 b5 27. b4 a6
28. Nb3 Bc6 29. Rd1 Kf7 30. Rd2 Rg8 31. Nd4 Bb7 32. Rf2 Bc8 33. Kg2 g5 34. fxg5
Rxf2+ 35. Kxf2 Rxg5 36. Re2 Rg6 37. Ke3 Rf6 38. Rf2 Rxf2 39. Kxf2 1/2-1/2

[Event "XXIX Miedzynarodowy Festiwal Szachowy CRACOVIA-2018 Grupa B"]
[Site "Krakow, Hotel Galaxy, ul. Gesia 22a"]
[Date "2018.12.29"]
[Round "3.48"]
[White "Mirowska, Oliwia"]
[Black "Panek, Bartosz"]
[Result "0-1"]
[WhiteElo "1720"]
[BlackElo "1871"]
[PlyCount "80"]
[EventDate "2018.??.??"]

1. e4 c5 2. d3 g6 3. g3 Bg7 4. Bg2 e6 5. Ne2 Ne7 6. O-O Nbc6 7. c3 O-O 8. Kh1
b6 9. f4 Ba6 10. Be3 Rc8 11. Na3 d5 12. Nc1 dxe4 13. Bxe4 f5 14. Bf3 e5 15. Re1
Kh8 16. Bg2 Nd5 17. Qf3 Nxe3 18. Rxe3 exf4 19. Qxf4 g5 20. Qf1 f4 21. gxf4 gxf4
22. Rh3 Ne5 23. Be4 h6 24. Nb3 Qd7 25. Rd1 Bb7 26. Nd2 Ng4 27. Rf3 Ne3 28. Qe2
Nxd1 29. Qxd1 Rce8 30. Qe1 Bxe4 31. Nxe4 Qg4 32. Qf2 a6 33. Nc4 b5 34. Ncd6 Re6
35. Nb7 c4 36. Nbc5 Re7 37. d4 b4 38. Qf1 bxc3 39. bxc3 Qf5 40. Ng3 Qd5 0-1

[Event "XXIX Miedzynarodowy Festiwal Szachowy CRACOVIA-2018 Grupa B"]
[Site "Krakow, Hotel Galaxy, ul. Gesia 22a"]
[Date "2018.12.29"]
[Round "3.49"]
[White "Wasik, Mateusz"]
[Black "Kaminski, Maciej"]
[Result "0-1"]
[WhiteElo "1693"]
[BlackElo "1862"]
[PlyCount "116"]
[EventDate "2018.??.??"]

1. e4 c5 2. Nf3 Nc6 3. Nc3 Nf6 4. d4 cxd4 5. Nxd4 e6 6. g3 Bb4 7. Bg2 Qa5 8.
Nde2 d5 9. exd5 Nxd5 10. Bd2 O-O 11. Nxd5 Bxd2+ 12. Qxd2 Qxd2+ 13. Kxd2 Rd8 14.
Rad1 exd5 15. Kc1 Be6 16. c3 Rac8 17. Nd4 Nxd4 18. Rxd4 Rc5 19. Rhd1 b5 20. a4
bxa4 21. Rxa4 a5 22. Kc2 Rb8 23. Bf1 d4 24. c4 Bf5+ 25. Bd3 Bd7 26. Ra3 a4 27.
Be2 Bf5+ 28. Kc1 d3 29. Bxd3 Bxd3 30. Raxd3 Rxc4+ 31. Kb1 Kf8 32. Rd4 Rxd4 33.
Rxd4 a3 34. b4 Ke7 35. Ka2 Ra8 36. Rd5 Ra4 37. Rb5 Kd6 38. Rb7 Ke6 39. b5 Ra5
40. f4 g6 41. Rb6+ Ke7 42. h4 h5 43. Rb7+ Kf6 44. Rb6+ Kf5 45. Rb7 Kg4 46. Rxf7
Rxb5 47. Rf6 Kxg3 48. Rxg6+ Kxh4 49. Kxa3 Rf5 50. Kb3 Rxf4 51. Rg1 Rf3+ 52. Kc2
Rg3 53. Rh1+ Kg4 54. Kd2 h4 55. Ke2 h3 56. Kf1 Rg2 57. Ke1 h2 58. Kf1 Kg3 0-1

[Event "XXIX Miedzynarodowy Festiwal Szachowy CRACOVIA-2018 Grupa B"]
[Site "Krakow, Hotel Galaxy, ul. Gesia 22a"]
[Date "2018.12.29"]
[Round "3.50"]
[White "Zechner, Andrea"]
[Black "Krawczyk, Flawian"]
[Result "1-0"]
[WhiteElo "1859"]
[BlackElo "1641"]
[PlyCount "105"]
[EventDate "2018.??.??"]

1. d4 Nf6 2. c4 g6 3. Nc3 Bg7 4. e4 d6 5. Nf3 O-O 6. Be2 e5 7. d5 Nbd7 8. Bg5
h6 9. Bh4 a5 10. Nd2 Nc5 11. O-O g5 12. Bg3 Nh7 13. b3 f5 14. f3 f4 15. Bf2 Rf7
16. a3 Bf8 17. b4 Na6 18. Nb3 Rg7 19. Nxa5 h5 20. Qd3 Nf6 21. Rfc1 g4 22. Kf1
gxf3 23. Bxf3 Ng4 24. Bg1 Qg5 25. Ke2 Nf6 26. Ra2 h4 27. h3 Nh5 28. Re1 Qh6 29.
Bf2 Ng3+ 30. Kd1 Nb8 31. Kc1 b6 32. Nb3 Nd7 33. Kb1 Nf6 34. a4 Bd7 35. a5 bxa5
36. Rxa5 Rb8 37. b5 Be8 38. Kb2 Qh7 39. Rea1 Bg6 40. Nd2 Rd8 41. Ra7 Rdd7 42.
Ra8 Rgf7 43. Rc8 Kg7 44. Raa8 Qh6 45. Ba7 Qh7 46. Bb8 Kg8 47. Ra7 Qg7 48. c5
Qh7 49. c6 Rde7 50. b6 cxb6 51. Rxe7 Rxe7 52. Bxd6 Rf7 53. Bxe5 1-0

[Event "XXIX Miedzynarodowy Festiwal Szachowy CRACOVIA-2018 Grupa B"]
[Site "Krakow, Hotel Galaxy, ul. Gesia 22a"]
[Date "2018.12.29"]
[Round "3.51"]
[White "Buchta, Agnieszka"]
[Black "Kaniak, Justyna"]
[Result "0-1"]
[WhiteElo "1856"]
[BlackElo "1729"]
[PlyCount "62"]
[EventDate "2018.??.??"]

1. e4 e5 2. d4 exd4 3. Nf3 Nc6 4. Bc4 Nf6 5. e5 d5 6. Bb5 Nd7 7. Bxc6 bxc6 8.
Nxd4 Nxe5 9. O-O Qf6 10. Qe2 Be7 11. f4 Ng6 12. c3 O-O 13. f5 Ne5 14. Bf4 Bd6
15. g4 Bd7 16. Nd2 Rfe8 17. g5 Qd8 18. Qh5 c5 19. Bxe5 Rxe5 20. N2f3 g6 21. Qh6
Re4 22. Nd2 Rg4+ 23. Kh1 cxd4 24. Qh3 Bxf5 25. Rxf5 gxf5 26. Nf3 dxc3 27. bxc3
Qd7 28. Rf1 Re8 29. Nd4 f4 30. Qf3 Rxg5 31. h4 Rg3 0-1

[Event "XXIX Miedzynarodowy Festiwal Szachowy CRACOVIA-2018 Grupa B"]
[Site "Krakow, Hotel Galaxy, ul. Gesia 22a"]
[Date "2018.12.29"]
[Round "3.52"]
[White "Bartoszewicz, Marcin"]
[Black "Zielinski, Marcin"]
[Result "1-0"]
[WhiteElo "1853"]
[BlackElo "1576"]
[PlyCount "119"]
[EventDate "2018.??.??"]

1. e4 c6 2. d4 d5 3. exd5 cxd5 4. Bd3 Nf6 5. h3 Nc6 6. Nf3 e6 7. O-O Bd6 8. c3
Qc7 9. Re1 O-O 10. Qe2 Nd7 11. Na3 a6 12. Qc2 g6 13. Bh6 Re8 14. Qd2 b5 15. Nc2
Bb7 16. Re2 e5 17. dxe5 Ncxe5 18. Nxe5 Rxe5 19. Nd4 Rae8 20. Rae1 Nc5 21. f3
Nxd3 22. Qxd3 b4 23. Rxe5 Rxe5 24. Rxe5 Bxe5 25. Qe3 bxc3 26. bxc3 Qe7 27. Qd2
Bxd4+ 28. Qxd4 f6 29. Be3 Bc6 30. Qb6 Bb5 31. Bd4 Kf7 32. Qb8 Bc4 33. a4 f5 34.
Kh2 Ke6 35. Be5 Kd7 36. f4 Ke6 37. Kg3 g5 38. Qc8+ Qd7 39. Qg8+ Qf7 40. Qxg5
Qg6 41. Kh4 Qxg5+ 42. Kxg5 Bf1 43. Kh6 Bxg2 44. h4 Kf7 45. Kxh7 Bf3 46. Kh6 Bg4
47. h5 Bd1 48. a5 Ba4 49. Kg5 Bd7 50. h6 Kg8 51. Kg6 Be8+ 52. Kxf5 Bf7 53. Kf6
Be8 54. Ke7 Bg6 55. Kd6 Be4 56. Ke6 Kh7 57. f5 Kxh6 58. f6 Kg6 59. f7 Bf5+ 60.
Ke7 1-0

[Event "XXIX Miedzynarodowy Festiwal Szachowy CRACOVIA-2018 Grupa B"]
[Site "Krakow, Hotel Galaxy, ul. Gesia 22a"]
[Date "2018.12.29"]
[Round "3.53"]
[White "Nasirov, Ruslan"]
[Black "Radzicki, Wieslaw"]
[Result "1-0"]
[WhiteElo "2062"]
[BlackElo "1781"]
[PlyCount "99"]
[EventDate "2018.??.??"]

1. e4 d6 2. d4 Nf6 3. Nc3 e5 4. dxe5 dxe5 5. Qxd8+ Kxd8 6. Bg5 Be6 7. O-O-O+
Kc8 8. Nf3 Nbd7 9. Bh4 a6 10. Ng5 Bd6 11. Nxe6 fxe6 12. f3 b6 13. Bc4 Re8 14.
a3 b5 15. Ba2 Rb8 16. Bf2 Kd8 17. g4 Ke7 18. Rhg1 b4 19. axb4 Rxb4 20. Rd2 Reb8
21. Nd1 Nc5 22. g5 Nfd7 23. Be1 Ra4 24. Kb1 Rd4 25. c3 Rd3 26. Rg3 Rxd2 27.
Bxd2 Nd3 28. Bc4 N7c5 29. Rh3 Nxb2 30. Nxb2 Na4 31. Bc1 Ba3 32. Kc2 Bxb2 33.
Bd2 Ba1 34. Rxh7 Kf7 35. Bxa6 Rb2+ 36. Kd1 Rb6 37. Bc8 Rd6 38. Kc2 Nxc3 39.
Bxc3 Rc6 40. h4 Rxc3+ 41. Kb1 Ra3 42. h5 Ra8 43. h6 Bd4 44. Rxg7+ Kf8 45. Bxe6
Ra1+ 46. Kc2 Rh1 47. Rf7+ Kg8 48. Rxc7+ Kh8 49. Rc8+ Kh7 50. Bf5# 1-0